EPL Top Scorers of the 2000s - Statistics

General Stats
  • This quiz has been taken 15 times
  • The average score is 12 of 25
Answer Stats
Club(s) Goals Answer % Correct
Arsenal 174 Thierry Henry
100%
Newcastle 107 Alan Shearer
92%
West Ham, Chelsea 97 Frank Lampard
85%
West Ham, Tottenham, Portsmouth 79 Jermain Defoe
77%
Everton, Man. Utd 80 Wayne Rooney
77%
Man. Utd 84 Christiano Ronaldo
69%
Man. Utd, Blackburn, Fulham, Man. City, Portsmouth 83 Andy Cole
62%
Liverpool, Newcastle 107 Michael Owen
62%
Coventry, Leeds, Tottenham 115 Robbie Keane
62%
Liverpool, Leeds, Man. City 57 Robbie Fowler
54%
Liverpool 71 Steven Gerrard
54%
Chelsea, Middlesbrough, Charlton 93 Jimmy Floyd Hasselbaink
46%
Liverpool, Man. City, Bolton, Chelsea 82 Nicolas Anelka
46%
Man. Utd 66 Paul Scholes
46%
Man. Utd 95 Ruud van Nistelrooy
46%
Fulham, Man. Utd, Everton 60 Louis Saha
38%
Man. Utd, Tottenham, Portsmouth, West Ham 59 Teddy Sheringham
38%
Leicester, Liverpool, Birmingham, Wigan, Aston Villa 77 Emile Heskey
31%
Sunderland, Southampton, Aston Villa 87 Kevin Phillips
23%
Leeds, Middlesbrough, Newcastle 92 Mark Viduka
23%
Arsenal 62 Robert Pirès
23%
Southampton, Bolton 57 Kevin Davies
15%
Portsmouth, Middlesbrough, Everton 72 Yakubu Aiyegbeni
15%
Coventry, Newcastle, Blackburn, Liverpool, West Ham, Man. City 64 Craig Bellamy
8%
Southampton, Everton, Stoke City 83 James Beattie
8%
No matching quizzes found
Score Distribution
Percent of People with Each Score
Percentile by Number Answered
Your Score History
You have not taken this quiz